000 01124nmm a2200337 a 4500
001 ocm0002146217
003 TR-IsHL
005 20201028182143.0
008 190125s2013 tu tur
007 cr cn
020 _a9786055101534
035 _a2146217
_b(N$T)
050 0 4 _aPZ90.T8
_bS66 2013
090 0 4 _aPZ90.T8
_bS66 2013
100 1 _aSönmez, Nalan Aktaş
245 1 0 _aMinik Tavşan pikniğe gidiyor: Zıt kavramlar
_h[electronic resource] /
_cNalan Aktaş Sönmez ; resimleyen Melika Saeeda ; editör Mustafa Can
250 _a1. Baskı
260 _aİstanbul :
_bÇamlıca Çocuk Yayınları,
_c2013
300 _a30 p.
500 _a+3 yaş
650 4 _aEğitim
650 4 _aEducation
650 0 _aÇocuk öyküleri, Türk
650 0 _aChildren's stories, Turkish
650 0 _aResimli çocuk kitapları
650 0 _aIllustrated children's books
650 7 _aJUVENILE NONFICTION / Animals / General
_2bisacsh
700 1 _aSaeeda, Melika
700 1 _aCan, Mustafa
856 4 0 _uhttp://search.ebscohost.com/login.aspx?direct=true&scope=site&db=e011xww&AN=2146217
999 _c19934
_d19934